Allgemeinwissen-Quiz #71 - Statistiken

Allgemein
  • Dieses Quiz wurde 51 mal gespielt
  • Das Durchschnittsergebnis liegt bei 12 aus 20
Antwortstatistiken
Frage Antwort % Korrekt
Was macht ein Schneider mit manchen Mänteln? unterfüttern
98%
Wie nennt man die Boote in den Wassergassen von Venedig? Gondeln
96%
Was sollte man bei einer Begegnung mit dem Ungeheuer Medusa tunlichst vermeiden? Blickkontakt
91%
Welches Organ nennt der Mediziner "Vesica urinaria"? Harnblase
89%
Wie nennt man ein fünfseitiges Vieleck? Pentagon
83%
Welches dieser Bilder zeigt den Film "Diamonds Are Forever" (Diamantenfieber)?
78%
Welches war das erste Parfüm, das Coco Chanel auf den Markt brachte? Chanel Nº 5
72%
Wer arbeitet "undercover"? V-Mann
72%
Auf welchem Bild sehen wir die Speise "Unagi"?
67%
Auf welchem dieser Satellitenbilder sehen wir das Jütland?
67%
Welchen Planeten zerstörte der erste Todesstern (Star Wars)? Alderaan
67%
Das "Beilfleck-Rotwidderchen" ist ein ..? Schmetterling
67%
Welcher deutsche Schriftsteller schrieb "Der Steppenwolf"? Hermann Hesse
61%
Welchen Namen trägt die älteste erhaltene Brücke von Paris? Pont Neuf
50%
Welches Material ist anisotrop? Holz
41%
Auf welchem Bild aus dem Looney-Tunes-Universum sehen wir "Pepe Le Pew"?
39%
Wo findet man die archäologische Fundstätte "Poverty Point"? USA
26%
Der Benediktinerorden geht zurück auf ...? Benedikt von Nursia
24%
Welcher dieser Tennisspieler ist kein Schweizer? Dominic Thiem
24%
Wie hiess die kleinste Einheit der römischen Armee? Zenturie
22%
Keine übereinstimmenden Quizze gefunden
Verteilung der Resultate
Anzahl Personen mit jedem Resultat
Perzentil nach korrekt beantworteten Fragen
Ihre Resultats-Entwicklung
Sie haben dieses Quiz noch nicht gespielt